ბათუმის შოთა რუსთაველის სახელმწიფო უნივერსიტეტის ბიბლიოთეკა

Mobile Communication Systems / (ბიბ.ჩანაწერი № 41085)

000 -LEADER
fixed length control field 00639nam a2200217Ia 4500
001 - CONTROL NUMBER
control field 7734
003 - CONTROL NUMBER IDENTIFIER
control field GE_BSU
005 - DATE AND TIME OF LATEST TRANSACTION
control field 20220923114039.0
008 - FIXED-LENGTH DATA ELEMENTS--GENERAL INFORMATION
fixed length control field 181216s2002en xx |||||||||||||| ||eng||
020 ## - INTERNATIONAL STANDARD BOOK NUMBER
International Standard Book Number 0471498378
040 ## - CATALOGING SOURCE
Transcribing agency GE_BSU
041 ## - LANGUAGE CODE
Language code of text/sound track or separate title eng
080 ## - UNIVERSAL DECIMAL CLASSIFICATION NUMBER
Universal Decimal Classification number 621.396 W-58
100 ## - MAIN ENTRY--PERSONAL NAME
Personal name Wesolowski, Krzysztof
9 (RLIN) 14718
245 ## - TITLE STATEMENT
Title Mobile Communication Systems /
Statement of responsibility, etc. Krzysztof Wesolowski
264 ## - PRODUCTION, PUBLICATION, DISTRIBUTION, MANUFACTURE, AND COPYRIGHT NOTICE
Place of production, publication, distribution, manufacture England :
Name of producer, publisher, distributor, manufacturer Wiley,
Date of production, publication, distribution, manufacture, or copyright notice 2002.
300 ## - PHYSICAL DESCRIPTION
Extent 449 p. :
Dimensions 24 cm.
653 ## - INDEX TERM--UNCONTROLLED
keyword Mobile Communication Systems
653 ## - INDEX TERM--UNCONTROLLED
keyword მობილური საკომუნიკაციო სისტემები
942 ## - ADDED ENTRY ELEMENTS (KOHA)
Koha item type წიგნი
Source of classification or shelving scheme
ეგზემპლარები
Withdrawn status Lost status Source of classification or shelving scheme Damaged status Not for loan Permanent Location Current Location Shelving location Date acquired Cost, normal purchase price Full call number Barcode Date last seen Copy number Price effective from Koha item type Public note
          ბათუმის შოთა რუსთაველის სახელმწიფო უნივერსიტეტის მთავარი ბიბლიოთეკა ტექნოლოგიური ფაკულტეტის ბიბლიოთეკა წიგნსაცავი 2018-12-17 256.00 621.396 W-58 24115 2018-12-17 24115 2018-12-17 წიგნი 256gel.